01827nam a22002897aa4500952011000000952010100110999001700211008004100228020001500269050002300284100002600307240007300333245017800406260003000584300003600614504003200650505047700682519013201159519004301291650003401334650002801368650002701396700002601423700004001449700003601489942001201525 00104070a03b03d2015-08-06l3oBF318 D7918 2007p03 008237r2019-10-30s2019-10-30t1w2015-08-06yLB 00102lcc4070a01b01d2018-10-31l0oBF318 D79 2007p24 000853r2023-01-20t1w2018-10-31yLB c97558d97558150806s2007 mx ||||| |||| 00| 0 spa d a970666453X aBF318 bD7918 2007 aDryden, Gordoneautor aThe learning reolution to change the way the world learnslespañol aLa revolución del aprendizajeb : para cambiar la forma de aprender en el mundoc / Gordon Dryden y Jeannette Vos ; traduccion Alma Alexandra Garcia y Tziviah Aguilar Aks  aMéxicob : Tomoc, 2007 a572 páginasb : ilustraciones aReferencias: (pp. 543-556)  aEl futuro ¿Por qué no el mejor? Conoce tu maravilloso cerebro Una guía de "hágalo usted mismo" Cómo tener grandes ideas Justo desde el principio Los años vitales El secreto de secretos del aprendizaje El aprendizaje verdadero; la manera rápida y divertida Hágalo con estilo Pero, ¿qué pasa si comienza tarde? Cómo resolver el problema de la deserción La planeación de las escuelas del mañana El mundo de los negocios del mañana ¡Hágalo!  aPlan Flexible / bBachillerato Técnico en Contaduría IPN / cOrientación Juvenil y Profesional I (N1-I-3) / d(24 000853) aMaterial Complementario /d(03 008237) 0aPSICOLOGÍA DEL APRENDIZAJE  0aINNOVACIONES EDUCATIVAS 0aTECNOLOGÍA EDUCATIVA aVos, Jeannetteeautor aGarcía, Alma Alexandraetraductor aAguilar Ask, Tziviahetraductor cLB2lcc